<?xml version="1.0" encoding="UTF-8"?>
<record
    xmlns:xsi="http://www.w3.org/2001/XMLSchema-instance"
    xsi:schemaLocation="http://www.loc.gov/MARC21/slim http://www.loc.gov/standards/marcxml/schema/MARC21slim.xsd"
    xmlns="http://www.loc.gov/MARC21/slim">

  <leader>01253nam a2200265 i 4500</leader>
  <controlfield tag="001">bg</controlfield>
  <datafield tag="111" ind1="2" ind2=" ">
    <subfield code="a">Og&#xF3;lnopolskie Sympozjum Agroturystyczne</subfield>
    <subfield code="n">(10 ;</subfield>
    <subfield code="d">2003 ;</subfield>
    <subfield code="c">Krak&#xF3;w).</subfield>
  </datafield>
  <datafield tag="245" ind1="0" ind2="0">
    <subfield code="a">Turystyka wiejska w Polsce - od rozproszonych dzia&#x142;a&#x144; do kompleksowej strategii :</subfield>
    <subfield code="b">materia&#x142;y Mi&#x119;dzynarodowej Sesji Naukowej zorg. w ramach X Og&#xF3;lnopolskiego Sympozjum Agroturystycznego, Krak&#xF3;w 15-17 wrze&#x15B;nia 2003 : sesja naukowa.</subfield>
    <subfield code="n">Z. 10 /</subfield>
    <subfield code="c">red. nauk. Leszek Strzembicki, J&#xF3;zef Kania, El&#x17C;bieta Kmita-Dziasek.</subfield>
  </datafield>
  <datafield tag="260" ind1=" " ind2=" ">
    <subfield code="a">Krak&#xF3;w :</subfield>
    <subfield code="b">Wydaw. AR,</subfield>
    <subfield code="c">2003.</subfield>
  </datafield>
  <datafield tag="300" ind1=" " ind2=" ">
    <subfield code="a">276 s. :</subfield>
    <subfield code="b">il. ;</subfield>
    <subfield code="c">24 cm.</subfield>
  </datafield>
  <datafield tag="490" ind1="1" ind2=" ">
    <subfield code="a">Zeszyty Naukowe Akademii Rolniczej im. H. Ko&#x142;&#x142;&#x105;taja w Krakowie. Rozprawy,</subfield>
    <subfield code="x">0239-9342 ;</subfield>
    <subfield code="v">nr 402</subfield>
  </datafield>
  <datafield tag="500" ind1=" " ind2=" ">
    <subfield code="a">Tekst i streszcz. cz&#x119;&#x15B;c. ang., niem.</subfield>
  </datafield>
  <datafield tag="504" ind1=" " ind2=" ">
    <subfield code="a">Bibliogr. przy ref.</subfield>
  </datafield>
  <datafield tag="650" ind1=" " ind2="9">
    <subfield code="a">Agroturystyka</subfield>
    <subfield code="z">Polska</subfield>
    <subfield code="y">od 1989 r.</subfield>
  </datafield>
  <datafield tag="655" ind1=" " ind2=" ">
    <subfield code="a">Materia&#x142;y konferencyjne</subfield>
  </datafield>
  <datafield tag="700" ind1="1" ind2=" ">
    <subfield code="a">Strzembicki, Leszek.</subfield>
    <subfield code="e">Red.</subfield>
  </datafield>
  <datafield tag="700" ind1="1" ind2=" ">
    <subfield code="a">Kania, J&#xF3;zef.</subfield>
    <subfield code="e">Red.</subfield>
  </datafield>
  <datafield tag="700" ind1="1" ind2=" ">
    <subfield code="a">Kmita-Dziasek, El&#x17C;bieta.</subfield>
  </datafield>
  <datafield tag="830" ind1=" " ind2="0">
    <subfield code="a">Zeszyty Naukowe Akademii Rolniczej im. H. Ko&#x142;&#x142;&#x105;taja w Krakowie.</subfield>
    <subfield code="p">Rozprawy ;</subfield>
    <subfield code="v">nr 402</subfield>
  </datafield>
  <datafield tag="040" ind1=" " ind2=" ">
    <subfield code="c">BPK</subfield>
  </datafield>
  <datafield tag="041" ind1="w" ind2=" ">
    <subfield code="a">polengger</subfield>
  </datafield>
  <datafield tag="080" ind1=" " ind2=" ">
    <subfield code="a">338.48(438)"1989/..."(061)</subfield>
  </datafield>
  <datafield tag="942" ind1=" " ind2=" ">
    <subfield code="c">KS</subfield>
  </datafield>
  <controlfield tag="008">      s        pl     f     |000 0 pol  </controlfield>
  <datafield tag="999" ind1=" " ind2=" ">
    <subfield code="c">44055</subfield>
    <subfield code="d">44055</subfield>
  </datafield>
  <datafield tag="856" ind1=" " ind2=" ">
    <subfield code="u">http://koha.tu.koszalin.pl/cgi-bin/koha/opac-detail.pl?biblionumber=44055</subfield>
    <subfield code="y">Katalog online BPK</subfield>
  </datafield>
  <datafield tag="952" ind1=" " ind2=" ">
    <subfield code="0">0</subfield>
    <subfield code="1">0</subfield>
    <subfield code="4">0</subfield>
    <subfield code="7">1</subfield>
    <subfield code="a">BPK</subfield>
    <subfield code="b">BPK</subfield>
    <subfield code="c">eh</subfield>
    <subfield code="o">70721</subfield>
    <subfield code="p">02150550</subfield>
    <subfield code="t">338.48 Eiot</subfield>
    <subfield code="y">KS</subfield>
  </datafield>
</record>
